| 000 | 01105nam a22002297a 4500 | ||
|---|---|---|---|
| 999 |
_c61559 _d61559 |
||
| 005 | 20240325150608.0 | ||
| 008 | 240325c2014 ge ||||| |||| 00| 0 geo d | ||
| 041 | _ageo | ||
| 245 |
_aმატიანე : _bვანის რაიონის ძველი, ახალი და უახლესი ისტორიის, ეთნოგრაფიის და ფოლკლორის კვლევის ცენტრის კრებული / _cრედაქტორი ომარ კაპანაძე. |
||
| 260 |
_aვანი, _c2014- |
||
| 300 | _a. | ||
| 653 | _aმატიანე | ||
| 653 | _aვანი | ||
| 653 | _aპერიოდიკა | ||
| 653 | _aისტორია | ||
| 653 | _aარქეოლოგია | ||
| 653 | _aეთნოგრაფია | ||
| 653 | _aფოლკლორი | ||
| 700 |
_aკაპანაძე, ომარ _eრედაქტორი _921569 |
||
| 856 |
_uhttps://dspace.nplg.gov.ge/bitstream/1234/345538/1/Matiane_2014_N1.pdf _yელ. ვერსია. pdf |
||
| 942 |
_2udc _cCR |
||